| 000 | 00795nas a2200265 4500 | ||
|---|---|---|---|
| 001 | BR0707235 | ||
| 003 | BR-BrBNA | ||
| 005 | 20231205111340.0 | ||
| 007 | ta | ||
| 008 | 230509b bl.|||p| |||| 00| 00por d | ||
| 040 |
_aBR-BrBNA _bpor _cBiblioteca Nacional de Agricultura |
||
| 041 | _a(Pt) | ||
| 072 | _aL73 | ||
| 100 | 1 | _aBelém, P.A.D. | |
| 100 | 1 | _aAlves, L.R.V. | |
| 100 | 1 | _aSantana, M.L. de | |
| 245 | 1 | _aAssociação entre parasitismo por Eurytrema sp. e glicemia, em bovinos | |
| 650 | _aBOVINO | ||
| 650 | _aPARASITO | ||
| 650 | _aTREMATODEO | ||
| 650 | _aINFECÇÃO | ||
| 773 | 0 |
_tVeterinária e Zootecnia - Universidade Estadual Paulista (Brazil) _xISSN 0102-5716 _g(1997), v. 9 p. 49-54 _wBR0707235 |
|
| 909 |
_a202311 _bLúcia _c55 _dLúcia Elande |
||
| 942 |
_2AGRIS _n0 _cANA |
||
| 999 |
_c192194 _d192194 |
||